00357 2200157 4500001002100000008004100021035002000062245003000082100001200112250000600124260002500130084001400155082000800169650001000177990001200187INLIS000000000001490 ind  a0010-1124000013 aPutri Dari SurgacN. Dean aN. Dean a1 aJakarta :bDjavadipa a800 DEA p a800 aFiksi a0715319